| 000 | 00759nam a2200229 a 4500 | ||
|---|---|---|---|
| 005 | 20220517171645.0 | ||
| 008 | 991125s1996 es 000 0 spa u | ||
| 020 | _a8489666261 | ||
| 035 | _aUPN01000058480 | ||
| 049 | _aCG | ||
| 050 | 4 |
_aPQ7797 S2 _bS2.8 1996 |
|
| 100 | 1 |
_aSarmiento, Domingo Faustino, _d1811-1888 |
|
| 245 | 1 | 0 |
_aViajes por Europa, Africa y América 1845-1847 / _cDomingo Faustino Sarmiento ; ed. crítica Javier Fernández. |
| 260 |
_aMadrid : _bALLCA XX : _bCNCA, _c1996. |
||
| 300 | _axxix, 1108 p | ||
| 440 | 0 |
_aArchivos ; _v27 |
|
| 650 | 4 |
_aLITERATURA ARGENTINA _95070 |
|
| 651 | 2 |
_aAmérica _xDescripción y viajes _92336 |
|
| 651 | 4 |
_aEUROPA - _xDESCRIPCION Y VIAJES _911439 |
|
| 700 | 1 |
_aFernández, Javier, _eed. |
|
| 905 | _aLibro | ||
| 999 |
_c58480 _d58480 |
||